Southville International School and Colleges
Your cart is empty.
  • Cart
  • Lists
    Public lists Eva Luna New books Lux_list list_1
    Your lists Log in to create your own lists
  • Log in to your account
  • Your cookies
  • Search history
Southville International School and Colleges
  • Advanced search
  • Recent comments
  • Most popular
  • Libraries

Log in to your account

Log in with GOOGLE


If you do not have an external account, but do have a local account, you can still log in:

  1. Home
  2. MARC view: Intermediate algebra :
Normal view MARC view ISBD view

Intermediate algebra : (Record no. 15198)

[ view plain ]
MARC details
000 -LEADER
fixed length control field 01042nam a2200313 i 4500
001 - CONTROL NUMBER
control field 865133
003 - CONTROL NUMBER IDENTIFIER
control field OSt
005 - DATE AND TIME OF LATEST TRANSACTION
control field 20140310182704.0
008 - FIXED-LENGTH DATA ELEMENTS--GENERAL INFORMATION
fixed length control field 801008s1980 ilua 001 0 eng
010 ## - LIBRARY OF CONGRESS CONTROL NUMBER
LC control number 79023585
020 ## - INTERNATIONAL STANDARD BOOK NUMBER
International Standard Book Number 0673152715 :
Terms of availability $13.95
040 ## - CATALOGING SOURCE
Original cataloging agency DLC
Transcribing agency DLC
Modifying agency DLC
050 10 - LIBRARY OF CONGRESS CALL NUMBER
Classification number QA 152
Item number .M647 1980
082 00 - DEWEY DECIMAL CLASSIFICATION NUMBER
Classification number M 512
Item number M61 1980
100 1# - MAIN ENTRY--PERSONAL NAME
Personal name Miller, Charles David,
Dates associated with a name 1942-
245 10 - TITLE STATEMENT
Title Intermediate algebra :
Remainder of title a text-workbook /
Statement of responsibility, etc Miller, Charles D.
260 ## - PUBLICATION, DISTRIBUTION, ETC. (IMPRINT)
Place of publication, distribution, etc Glenview, Ill. :
Name of publisher, distributor, etc Scott, Foresman,
Date of publication, distribution, etc c1980.
300 ## - PHYSICAL DESCRIPTION
Extent xvi, 617 p. :
Other physical details ill. ;
Dimensions 28 cm.
500 ## - GENERAL NOTE
General note "Certain portions ... were previously published in Intermediate algebra, 2d ed. [by M. L. Lial and C. D. Miller]"
500 ## - GENERAL NOTE
General note Includes index.
521 ## - TARGET AUDIENCE NOTE
Target audience note
526 ## - STUDY PROGRAM INFORMATION NOTE
Reading level 1210L-1700L
541 ## - IMMEDIATE SOURCE OF ACQUISITION NOTE
-- 1
562 ## - COPY AND VERSION IDENTIFICATION NOTE
Number of copies For circulation. 1 copy available in the collection
650 #0 - SUBJECT ADDED ENTRY--TOPICAL TERM
Topical term or geographic name as entry element Algebra.
700 1# - ADDED ENTRY--PERSONAL NAME
Personal name Lial, Margaret L.,
Relator term joint author.
906 ## - LOCAL DATA ELEMENT F, LDF (RLIN)
a 7
b cbc
c orignew
d u
e ocip
f 19
g y-gencatlg
942 ## - ADDED ENTRY ELEMENTS (KOHA)
Source of classification or shelving scheme Library of Congress Classification
Koha item type Books
Call number prefix
Holdings
Withdrawn status Lost status Source of classification or shelving scheme Damaged status Home library Current library Shelving location Date acquired Source of acquisition Total Checkouts Full call number Barcode Date last seen Copy number Price effective from Koha item type
    Library of Congress Classification   Archives Archives   04/19/2012 Donation   QA 152. M647 1980 C2055 05/15/2018 1 11/14/2013 Books

Intermediate algebra :

APA

Miller C. D., Lial M. L., . (1980). Intermediate algebra. Glenview, Ill: Scott, Foresman.

Chicago

Miller Charles David, Lial Margaret L, . 1980. Intermediate algebra. Glenview, Ill: Scott, Foresman.

Harvard

Miller C. D., Lial M. L., . (1980). Intermediate algebra. Glenview, Ill: Scott, Foresman.

MLA

Miller Charles David, Lial Margaret L, . Intermediate algebra. Glenview, Ill: Scott, Foresman. 1980.

  • Place hold
  • Print
  • Cite
  • Add to your cart (remove)
  • Save record
    BIBTEX Dublin Core MARCXML MARC (non-Unicode/MARC-8) MARC (Unicode/UTF-8) MARC (Unicode/UTF-8, Standard) MODS (XML) RIS
  • More searches
    Search for this title in:
    Other Libraries (WorldCat) Other Databases (Google Scholar) Online Stores (Bookfinder.com) Open Library (openlibrary.org)

Exporting to Dublin Core...

SOUTHVILLE LIBRARY

Southville International School and Colleges Library

1281 Tropical Ave. Cor. Luxembourg St., BF Homes International, Las Pinas City

Tel. No. 8256374 / 252358 Loc. 117/146

Powered by Koha